Cuando Israel cumplió treinta años

Wedi'i Gadw mewn:
Manylion Llyfryddiaeth
Prif Awdur: Cejudo Velásquez, Pablo
Fformat: Texto
Cyhoeddwyd: San José: Instituto Central de Relaciones Culturales Israel-Iberoamérica
Tagiau: Ychwanegu Tag
Dim Tagiau, Byddwch y cyntaf i dagio'r cofnod hwn!

MARC

LEADER 00000 a a2200000 04500
001 15862
003
040
090 |a EXTRAVIADO  
100 |a Cejudo Velásquez, Pablo  
245 |a Cuando Israel cumplió treinta años  
260 |a San José:   |b Instituto Central de Relaciones Culturales Israel-Iberoamérica  
300 |a 147 p.  
999 |c 1734  |d 1734